01084nam a2200301Ia 450000500170000000800390001702000150005604100080007110000280007924500710010725000180017826400490019630000630024533600270030833700330033533800280036849000450039652100510044153400220049258600330051465000500054765000480059765000300064565000310067570000300070604000350073608400110077120220316235243.0121119s1997 mx a gr 000 j spa a96816639181 aspa1 aBrowne, Anthony,d1946-10aWilly el soñadorcAnthony Browne ; traducción de Carmen Esteva a2a. edición 1aMéxicobFondo de Cultura Económicac1997 a[22] páginas sin enumerarbilustraciones a colorc30 cm. atextobtxt2rdacontent asin mediaciónbn2rdamedia avolumenbnc2rdacarrier0 aLos especiales de a la orilla del viento aRecomendado para niños a partir de 2 años. tWilly the dreamer aPremios Hans Christian, 2000142LEMBaÁlbumes infantiles inglesesySiglo XX142LEMBaLiteratura infantil inglesaySiglo XX142LEMBaGorillasvÁlbumes142LEMBaSueños vÁlbumes1 aEsteva, Carmenetraductor aCO-BoRNBPbspaerdacCO-BoRNBP aA BRO1